Diseño sismorresistente de un marco de concreto reforzado utilizando desplazamientos máximos inelásticos
Kaydedildi:
| Yazar: | |
|---|---|
| Materyal Türü: | Kitap |
| Baskı/Yayın Bilgisi: |
60 hojas : ilustraciones ; 28 cm.
1990
|
| Konular: | |
| Etiketler: |
Etiketle
Etiket eklenmemiş, İlk siz ekleyin!
|
MARC
| LEADER | 00000nam a2200000Ia 4500 | ||
|---|---|---|---|
| 003 | 004940 | ||
| 005 | 20221231144333.0 | ||
| 008 | 140114s1990 cr a m 000 ||s d | ||
| 040 | |c cru CEDI | ||
| 090 | |a TFG 2324 | ||
| 100 | |a Castillo Barahona, Rolando |9 13022 | ||
| 245 | |a Diseño sismorresistente de un marco de concreto reforzado utilizando desplazamientos máximos inelásticos | ||
| 260 | |c 1990 |a 60 hojas : ilustraciones ; 28 cm. | ||
| 300 | |a 60 hojas : ilustraciones ; 28 cm. | ||
| 500 | |a Tesis (licenciatura en ingeniería civil)--Universidad de Costa Rica. Facultad de Ingeniería. Escuela de Ingeniería Civil | ||
| 650 | |x CONSTRUCCIONES ANTISISMICAS |x DISEÑO DE ESTRUCTURAS |9 13023 | ||
| 942 | |c TFG | ||
| 999 | |c 20358 |d 20358 | ||
